00277nam a2200097Ia 4500008004100000100001600041245007500057260003100132300000800163650000800171191201s2015 xx 000 0 und d aGUPTA, S.R. 0aUGC-NET/SET Computer Science and applications R, Gupta,S Popular Guide aN. DelhibRamesh Pubc2015 a748 aMCA